[Event "Rhein Main op-B 17th"]
[Site "Bad Homburg"]
[Date "2014.06.21"]
[Round "5"]
[White "Lehmann, Tim"]
[Black "Hauk, Viktoria"]
[Result "0-1"]
[WhiteElo "1191"]
[BlackElo "1468"]
[PlyCount "62"]
[EventDate "2014.06.18"]
[EventType "swiss"]
[EventRounds "9"]
[EventCountry "GER"]
[SourceTitle "CBM 161 Extra"]
[Source "ChessBase"]
[SourceDate "2014.08.29"]
[SourceVersion "1"]
[SourceVersionDate "2014.08.29"]
[SourceQuality "1"]

1. d4 d5 2. Bf4 Nf6 3. Nf3 Bf5 4. e3 a6 5. c3 e6 6. Nbd2 Be7 7. Be2 0-0 8. 0-0 Nbd7 9. Qb3 b5 10. Qd1 c5 11. Re1 cxd4 12. exd4 Nh5 13. Be3 h6 14. Nb3 Rc8 15. Bd3 Be4 16. Bxe4 dxe4 17. Nfd2 Nhf6 18. Bf4 Nd5 19. Bg3 f5 20. h3 Bh4 21. Bh2 Bg5 22. Nf1 Qf6 23. Nc1 Qg6 24. a3 Bf4 25. Ne2 Bg5 26. g3 f4 27. g4 f3 28. Neg3 Nf4 29. Qc2 Nxh3+ 30. Kh1 Bf4 31. Rxe4 Nf6 0-1

[Event "Rhein Main op-B 17th"]
[Site "Bad Homburg"]
[Date "2014.06.19"]
[Round "2"]
[White "Hauk, Viktoria"]
[Black "Euler, Daniel"]
[Result "0-1"]
[WhiteElo "1468"]
[BlackElo "809"]
[PlyCount "88"]
[EventDate "2014.06.18"]
[EventType "swiss"]
[EventRounds "9"]
[EventCountry "GER"]
[SourceTitle "CBM 161 Extra"]
[Source "ChessBase"]
[SourceDate "2014.08.29"]
[SourceVersion "1"]
[SourceVersionDate "2014.08.29"]
[SourceQuality "1"]

1. d4 d5 2. Nf3 Nc6 3. Bf4 Bf5 4. e3 e6 5. c4 Bd6 6. Bxd6 Qxd6 7. c5 Qd8 8. Be2 Nf6 9. 0-0 0-0 10. Nbd2 Re8 11. a3 a5 12. Bb5 Rf8 13. Bxc6 bxc6 14. Ne5 Qe8 15. b4 a4 16. h3 h6 17. Nb1 Nd7 18. Nxc6 Nxc5 19. bxc5 Qxc6 20. Nc3 Rfb8 21. Qd2 Rb3 22. f3 Rab8 23. Ra2 g5 24. Re1 f6 25. e4 Bg6 26. exd5 exd5 27. Re3 Re8 28. Rxe8+ Bxe8 29. Qc2 Bf7 30. Rb2 Rxa3 31. Ra2 Rxa2 32. Qxa2 Qe6 33. Kh2 Qe3 34. Ne2 Qb3 35. Nc1 Qc4 36. Qb2 Kf8 37. Qd2 c6 38. h4 Kg7 39. hxg5 hxg5 40. Ne2 a3 41. Nc3 Bg6 42. Kg1 Bb1 43. Qe1 a2 44. Nxa2 Qxd4+ 0-1

[Event "GER-chT Federal Cup (Women)"]
[Site "Braunfels"]
[Date "2013.05.31"]
[Round "3.4"]
[White "Hauk, Viktoria"]
[Black "Ramm, Madlen"]
[Result "0-1"]
[WhiteElo "1469"]
[BlackElo "1532"]
[PlyCount "82"]
[EventDate "2013.05.30"]
[EventType "team-swiss"]
[EventRounds "5"]
[EventCountry "GER"]
[SourceTitle "EXT 2014"]
[Source "ChessBase"]
[SourceDate "2013.11.20"]
[SourceVersion "1"]
[SourceVersionDate "2013.11.20"]
[SourceQuality "1"]
[WhiteTeam "Hessen (W) II"]
[BlackTeam "Saarland (W)"]
[WhiteTeamCountry "GER"]
[BlackTeamCountry "GER"]

1. d4 d5 2. Nf3 c6 3. Bf4 Bf5 4. e3 Nf6 5. c4 e6 6. a3 Nbd7 7. Be2 Qa5+ 8. Nbd2 Be7 9. 0-0 0-0 10. b4 Qd8 11. Nb3 dxc4 12. Bxc4 Nb6 13. Bd3 Bxd3 14. Qxd3 Nh5 15. Bg3 Nxg3 16. hxg3 Bf6 17. Nc5 Qc7 18. Ne4 Nd7 19. Nxf6+ Nxf6 20. Rae1 Rad8 21. Rc1 Rfe8 22. e4 h6 23. Ne5 Qxe5 24. dxe5 Rxd3 25. exf6 Rxa3 26. fxg7 Rd8 27. Rfd1 Rad3 28. Rxd3 Rxd3 29. f3 Kxg7 30. Kf1 Kf6 31. Ke2 Rd4 32. Rb1 Kg5 33. Ke3 Rd8 34. Rh1 h5 35. Rc1 Kf6 36. Rc5 Rh8 37. Kf4 h4 38. g4 h3 39. gxh3 Rxh3 40. Rh5 Rxh5 41. gxh5 e5+ 0-1

[Event "GER-ch Net final U25 Girls"]
[Site "Playchess.com INT"]
[Date "2012.09.15"]
[Round "4"]
[White "Hauk, Viktoria"]
[Black "Braun, Kristin"]
[Result "1/2-1/2"]
[WhiteElo "1538"]
[BlackElo "1467"]
[PlyCount "90"]
[EventDate "2012.09.15"]
[EventType "swiss (blitz)"]
[EventRounds "7"]
[EventCountry "GER"]
[SourceTitle "CBM 150 Extra"]
[Source "ChessBase"]
[SourceDate "2012.10.19"]
[SourceVersion "1"]
[SourceVersionDate "2012.10.19"]
[SourceQuality "1"]

1. d4 Nf6 2. Nf3 g6 3. Bf4 Bg7 4. e3 d6 5. c4 0-0 6. Nc3 Nbd7 7. Bd3 Re8 8. 0-0 e5 9. dxe5 dxe5 10. Bg5 h6 11. Bxf6 Nxf6 12. Ne4 Nxe4 13. Bxe4 f5 14. Bd5+ Kh8 15. Bf7 Qxd1 16. Raxd1 Re7 17. Bxg6 e4 18. Nd2 Bxb2 19. Nb3 Kg7 20. Bh5 Be6 21. Nc5 Bc8 22. Rb1 Ba3 23. Nxb7 Rb8 24. Na5 Rxb1 25. Rxb1 Ba6 26. Be2 c5 27. Nc6 Rc7 28. Ne5 Kf6 29. f4 Bb4 30. Rb3 Rc8 31. a3 Bd2 32. Rb2 Bc3 33. Rb1 Bxe5 34. fxe5+ Kxe5 35. Kf2 Rd8 36. Rb2 h5 37. h4 Rf8 38. Bxh5 Bxc4 39. Rc2 Kd5 40. Kg3 Bd3 41. Rc3 c4 42. Kf4 Ke6 43. a4 a5 44. g3 Rh8 45. Bd1 Rc8 1/2-1/2

[Event "GER-ch Net final U25 Girls"]
[Site "Playchess.com INT"]
[Date "2012.09.15"]
[Round "6"]
[White "Hauk, Viktoria"]
[Black "Fischer, Franziska"]
[Result "0-1"]
[WhiteElo "1536"]
[BlackElo "1327"]
[PlyCount "96"]
[EventDate "2012.09.15"]
[EventType "swiss (blitz)"]
[EventRounds "7"]
[EventCountry "GER"]
[SourceTitle "CBM 150 Extra"]
[Source "ChessBase"]
[SourceDate "2012.10.19"]
[SourceVersion "1"]
[SourceVersionDate "2012.10.19"]
[SourceQuality "1"]

1. d4 d5 2. Nf3 e6 3. Bf4 Nf6 4. e3 h6 5. c4 Nbd7 6. Nc3 Bd6 7. Bxd6 cxd6 8. Nb5 Qa5+ 9. Nc3 dxc4 10. Bxc4 Nb6 11. Bd3 0-0 12. 0-0 d5 13. Ne5 Qb4 14. Qe2 Nbd7 15. a3 Qd6 16. f4 a6 17. Bc2 b5 18. Qd3 Bb7 19. g4 Ne4 20. Rf3 f6 21. Ng6 Rf7 22. Qd1 Nf8 23. Nh4 g5 24. fxg5 hxg5 25. Ng2 Rh7 26. h3 Rf7 27. Nxe4 dxe4 28. Rf2 Qg3 29. Qf1 Nd7 30. Rc1 Raf8 31. Qe2 Rh7 32. Kf1 Rxh3 33. Ke1 Rh1+ 34. Kd2 Rxc1 35. Kxc1 Nb6 36. Ne1 Nd5 37. Rg2 Qxe3+ 38. Qxe3 Nxe3 39. Rg3 Nxc2 40. Nxc2 Rc8 41. Re3 Kf7 42. Kd2 Bd5 43. Ne1 Kg6 44. Ke2 f5 45. Kf2 f4 46. Re2 e3+ 47. Kg1 Rc1 48. Kf1 Bc4 0-1

[Event "GER-ch Net final U25 Girls"]
[Site "Playchess.com INT"]
[Date "2012.09.15"]
[Round "3"]
[White "Hauk, Viktoria"]
[Black "Jermann, Isabel"]
[Result "1-0"]
[WhiteElo "1516"]
[BlackElo "1446"]
[PlyCount "105"]
[EventDate "2012.09.15"]
[EventType "swiss (blitz)"]
[EventRounds "7"]
[EventCountry "GER"]
[SourceTitle "CBM 150 Extra"]
[Source "ChessBase"]
[SourceDate "2012.10.19"]
[SourceVersion "1"]
[SourceVersionDate "2012.10.19"]
[SourceQuality "1"]

1. d4 d5 2. Nf3 Nf6 3. Bf4 c5 4. e3 Nc6 5. c4 cxd4 6. Nxd4 e6 7. Nc3 Bb4 8. Ndb5 0-0 9. a3 Bxc3+ 10. Nxc3 dxc4 11. Qxd8 Rxd8 12. Bxc4 e5 13. Bg5 Bf5 14. 0-0 a6 15. Rad1 Na5 16. Ba2 Rd3 17. Rxd3 Bxd3 18. Rd1 Bf5 19. b4 Nc6 20. Na4 Nd7 21. f4 exf4 22. exf4 b5 23. Nc3 h6 24. Bh4 Rc8 25. Be1 Nf6 26. Nd5 Nxd5 27. Rxd5 Ne7 28. Re5 Be6 29. Bxe6 fxe6 30. Rxe6 Kf7 31. Rxa6 Rc1 32. Kf2 Nd5 33. Bd2 Rc2 34. Ke2 Nxf4+ 35. Ke3 Nxg2+ 36. Kd3 Ra2 37. Ra7+ Kg6 38. Bc3 Ne1+ 39. Bxe1 Rxh2 40. Ra6+ Kf5 41. Kd4 Rh3 42. Kc5 g5 43. Kxb5 g4 44. Kc6 g3 45. b5 g2 46. Bf2 Rh1 47. b6 g1Q 48. Bxg1 Rxg1 49. b7 Rb1 50. Rb6 Ra1 51. b8Q Rxa3 52. Qf8+ Kg4 53. Qxa3 1-0

[Event "GER-ch Net final U25 Girls"]
[Site "Playchess.com INT"]
[Date "2012.09.15"]
[Round "5"]
[White "Muetsch, Annmarie"]
[Black "Hauk, Viktoria"]
[Result "0-1"]
[WhiteElo "1085"]
[BlackElo "1533"]
[PlyCount "50"]
[EventDate "2012.09.15"]
[EventType "swiss (blitz)"]
[EventRounds "7"]
[EventCountry "GER"]
[SourceTitle "CBM 150 Extra"]
[Source "ChessBase"]
[SourceDate "2012.10.19"]
[SourceVersion "1"]
[SourceVersionDate "2012.10.19"]
[SourceQuality "1"]

1. e4 e5 2. Nf3 Nc6 3. Bc4 Bc5 4. c3 d6 5. d3 Nf6 6. Bg5 0-0 7. 0-0 Bg4 8. Qe2 h6 9. Be3 Bxe3 10. Qxe3 Nh7 11. d4 exd4 12. cxd4 Qf6 13. d5 Ne5 14. Nxe5 Qxe5 15. Bd3 Nf6 16. Nc3 Bh5 17. g3 Ng4 18. Qf3 Nf6 19. Qg2 Bg6 20. Nb5 c5 21. Rab1 Nxe4 22. Bxe4 Bxe4 23. Qh3 Qf6 24. Rbe1 Qf3 25. Re3 Qh1# 0-1

[Event "GER-ch Net qual4 U25"]
[Site "Playchess.com INT"]
[Date "2012.09.12"]
[Round "7"]
[White "Schmidt, Martin2"]
[Black "Hauk, Viktoria"]
[Result "0-1"]
[WhiteElo "2044"]
[BlackElo "1473"]
[PlyCount "22"]
[EventDate "2012.09.12"]
[EventType "swiss (blitz)"]
[EventRounds "7"]
[EventCountry "GER"]
[SourceTitle "CBM 150 Extra"]
[Source "ChessBase"]
[SourceDate "2012.10.19"]
[SourceVersion "1"]
[SourceVersionDate "2012.10.19"]
[SourceQuality "1"]

1. e4 e5 2. Nf3 Nc6 3. Bb5 Bc5 4. Nc3 Nf6 5. 0-0 0-0 6. Nxe5 Nxe5 7. d4 Bxd4 8. Qxd4 d6 9. Bg5 h6 10. Bxf6 Qxf6 11. f4 Nf3+ 0-1

[Event "Karl Mala Memorial op 14th"]
[Site "Frankfurt"]
[Date "2011.07.10"]
[Round "6"]
[White "Hauk, Viktoria"]
[Black "Greul, Thomas"]
[Result "0-1"]
[WhiteElo "1218"]
[BlackElo "1364"]
[PlyCount "78"]
[EventDate "2011.07.07"]
[EventType "swiss"]
[EventRounds "7"]
[EventCountry "GER"]
[SourceTitle "EXT 2012"]
[Source "ChessBase"]
[SourceDate "2011.11.24"]
[SourceVersion "1"]
[SourceVersionDate "2011.11.24"]
[SourceQuality "1"]

1. d4 Nf6 2. Nf3 g6 3. Bf4 Bg7 4. e3 0-0 5. Bd3 d6 6. 0-0 Nbd7 7. Nc3 c6 8. e4 Nh5 9. Be3 e5 10. Qd2 f5 11. Bg5 Qe8 12. Bc4+ Kh8 13. Bh6 f4 14. Bxg7+ Kxg7 15. Ng5 Ndf6 16. Rfe1 h6 17. Nf3 g5 18. h3 Qe7 19. g4 fxg3 20. fxg3 Nh7 21. Qg2 g4 22. hxg4 Bxg4 23. Be2 Ng5 24. Nh4 Nh3+ 25. Kh2 Rf2 26. Qxf2 Nxf2 27. Kg2 Bxe2 28. Rxe2 Qg5 29. Nf5+ Kh7 30. Rxf2 Rg8 31. Ne2 Nf4+ 32. Nxf4 exf4 33. Rxf4 Qxf4 34. Re1 d5 35. Kg1 dxe4 36. Rf1 Qd2 37. Rf2 Qd1+ 38. Kg2 Qg4 39. Rf4 Qxf4 0-1

[Event "GER-ch Net qual3 U18"]
[Site "Playchess.com INT"]
[Date "2009.05.17"]
[Round "4"]
[White "Hauk, Viktoria"]
[Black "Hirschmann, Jakob"]
[Result "0-1"]
[WhiteElo "1138"]
[BlackElo "1766"]
[PlyCount "136"]
[EventDate "2009.05.17"]
[EventType "swiss (blitz)"]
[EventRounds "7"]
[EventCountry "GER"]
[SourceTitle "CBM 130 Extra"]
[Source "ChessBase"]
[SourceDate "2009.07.02"]
[SourceVersion "2"]
[SourceVersionDate "2009.07.15"]
[SourceQuality "1"]

1. d4 e6 2. Nf3 Nf6 3. Bf4 c5 4. e3 Nc6 5. c4 d5 6. Nc3 cxd4 7. Nxd4 Bb4 8. Nxc6 bxc6 9. Be5 0-0 10. a3 Bxc3+ 11. Bxc3 Ne4 12. Qd4 Nxc3 13. Qxc3 Ba6 14. b3 Qf6 15. Qxf6 gxf6 16. Be2 dxc4 17. bxc4 Rab8 18. 0-0 Rb2 19. Bd3 Rd8 20. Rfd1 Kg7 21. Kf1 e5 22. e4 Rd4 23. f3 Rxd3 24. Rxd3 Bxc4 25. Rad1 Rb3 26. Ke2 Rxa3 27. Ke3 Rxd3+ 28. Rxd3 Bxd3 29. Kxd3 Kg6 30. g3 f5 31. exf5+ Kxf5 32. Ke3 a5 33. h4 a4 34. g4+ Kf6 35. f4 exf4+ 36. Kxf4 a3 37. g5+ Kg6 38. Kg4 a2 39. h5+ Kg7 40. Kf5 a1Q 41. h6+ Kg8 42. Kg4 Qg7 43. hxg7 Kxg7 44. Kf5 c5 45. Ke4 Kg6 46. Kd3 Kxg5 47. Kc4 Kf4 48. Kxc5 h5 49. Kd4 h4 50. Kd3 Kf3 51. Kd2 Kf2 52. Kd3 h3 53. Ke4 h2 54. Kf5 h1Q 55. Kf6 Qf3+ 56. Kg7 f5 57. Kf6 f4 58. Kf5 Ke3 59. Kg6 Qg4+ 60. Kf6 f3 61. Ke5 Qd4+ 62. Kf5 Qe4+ 63. Kg5 Qf4+ 64. Kg6 f2 65. Kh5 Qg3 66. Kh6 Qg4 67. Kh7 Kf4 68. Kh6 Kf5 0-1

[Event "GER-ch Net qual3 U18"]
[Site "Playchess.com INT"]
[Date "2009.05.17"]
[Round "2"]
[White "Hauk, Viktoria"]
[Black "Karthaeuser, Johannes"]
[Result "0-1"]
[WhiteElo "1138"]
[BlackElo "1701"]
[PlyCount "44"]
[EventDate "2009.05.17"]
[EventType "swiss (blitz)"]
[EventRounds "7"]
[EventCountry "GER"]
[SourceTitle "CBM 130 Extra"]
[Source "ChessBase"]
[SourceDate "2009.07.02"]
[SourceVersion "2"]
[SourceVersionDate "2009.07.15"]
[SourceQuality "1"]

1. d4 Nf6 2. Nf3 g6 3. Bf4 Bg7 4. e3 d6 5. Nc3 0-0 6. Bd3 c5 7. dxc5 dxc5 8. 0-0 Nc6 9. Nb5 Nd5 10. Be4 Nxf4 11. exf4 Qb6 12. a4 a6 13. Na3 Qxb2 14. Bxc6 bxc6 15. Nd2 Qxa1 16. Qxa1 Bxa1 17. Rxa1 Bf5 18. c4 Rfd8 19. Nf3 Rab8 20. Ne5 Rb3 21. Nxc6 Rxa3 22. Rxa3 Rd1# 0-1

[Event "GER-ch Net qual2 U18"]
[Site "Playchess.com INT"]
[Date "2009.05.13"]
[Round "1"]
[White "Reichel, Jonathan"]
[Black "Hauk, Viktoria"]
[Result "1-0"]
[WhiteElo "1955"]
[BlackElo "1138"]
[PlyCount "23"]
[EventDate "2009.05.13"]
[EventType "swiss (blitz)"]
[EventRounds "7"]
[EventCountry "GER"]
[SourceTitle "CBM 130 Extra"]
[Source "ChessBase"]
[SourceDate "2009.07.02"]
[SourceVersion "2"]
[SourceVersionDate "2009.07.15"]
[SourceQuality "1"]

1. e4 e5 2. Qh5 Nc6 3. Bc4 Nh6 4. d3 Bc5 5. Bxh6 0-0 6. Be3 Nd4 7. Bxd4 Bxd4 8. c3 Bb6 9. Nf3 d6 10. a4 c6 11. Ng5 g6 12. Qxh7# 1-0

[Event "Karl Mala Memorial op 10th"]
[Site "Griesheim"]
[Date "2006.07.23"]
[Round "7"]
[White "Rothermel, Tim"]
[Black "Hauk, Viktoria"]
[Result "1-0"]
[WhiteElo "1346"]
[BlackElo "881"]
[PlyCount "81"]
[EventDate "2006.07.20"]
[EventType "swiss"]
[EventRounds "7"]
[EventCountry "GER"]
[SourceTitle "CBM 113 Extra"]
[Source "ChessBase"]
[SourceDate "2006.09.14"]
[SourceVersion "1"]
[SourceVersionDate "2006.09.14"]
[SourceQuality "1"]

1. e4 e5 2. f4 Nc6 3. Nf3 Nf6 4. Nc3 exf4 5. d4 Bb4 6. Bxf4 Nxe4 7. Qd3 Bxc3+ 8. bxc3 Nf6 9. Be2 d6 10. 0-0 Nd5 11. Bg3 Qe7 12. Bf2 Nf4 13. Bh4 Qxe2 14. Qxe2+ Nxe2+ 15. Kh1 0-0 16. Rae1 Nxc3 17. a3 Bf5 18. Ra1 Bxc2 19. Rfc1 Bd1 20. Rxc3 Bxf3 21. gxf3 Nxd4 22. Rxc7 b6 23. Kg2 Ne6 24. Rd7 Nf4+ 25. Kh1 Ng6 26. Bg3 Ne5 27. Rxd6 Nxf3 28. Rf1 Ne5 29. Bxe5 Rae8 30. Rd5 f6 31. Bg3 Re3 32. a4 Re6 33. Rfd1 Re4 34. a5 bxa5 35. Rxa5 Ra8 36. Rd7 Re2 37. Raxa7 Rb8 38. Bxb8 h6 39. Rxg7+ Kf8 40. Bd6+ Ke8 41. Ra8# 1-0

[Event "Karl Mala Memorial op 09th"]
[Site "Frankfurt"]
[Date "2005.07.30"]
[Round "5"]
[White "Hauk, Viktoria"]
[Black "Kempf, Juergen"]
[Result "1-0"]
[WhiteElo "781"]
[BlackElo "1058"]
[PlyCount "67"]
[EventDate "2005.07.28"]
[EventType "swiss"]
[EventRounds "7"]
[EventCountry "GER"]
[SourceTitle "EXT 2006"]
[Source "ChessBase"]
[SourceDate "2005.11.24"]
[SourceVersion "1"]
[SourceVersionDate "2005.11.24"]
[SourceQuality "1"]

1. d4 d6 2. Nf3 g6 3. Nc3 Bg7 4. Bg5 Nf6 5. e3 0-0 6. g3 Nbd7 7. Qd2 b6 8. 0-0-0 Bb7 9. Bg2 e5 10. dxe5 dxe5 11. a3 h6 12. Bxf6 Bxf6 13. e4 g5 14. Qxd7 Qb8 15. Qf5 Bg7 16. h4 Bc8 17. Rd7 Bxd7 18. Qxd7 Rd8 19. Qf5 c5 20. Nd5 Qd6 21. c4 Rab8 22. hxg5 b5 23. Nd2 Qa6 24. gxh6 Bxh6 25. Nf6+ Kg7 26. Qh7+ Kf8 27. Qxh6+ Ke7 28. Nd5+ Rxd5 29. Qxa6 Rd4 30. Qxa7+ Kf6 31. Qxb8 bxc4 32. Qb6+ Ke7 33. Qxc5+ Rd6 34. Nxc4 1-0

[Event "Karl Mala Memorial op 09th"]
[Site "Frankfurt"]
[Date "2005.07.29"]
[Round "3"]
[White "Hauk, Viktoria"]
[Black "Honert, Stefan"]
[Result "0-1"]
[WhiteElo "781"]
[BlackElo "1350"]
[PlyCount "72"]
[EventDate "2005.07.28"]
[EventType "swiss"]
[EventRounds "7"]
[EventCountry "GER"]
[SourceTitle "EXT 2006"]
[Source "ChessBase"]
[SourceDate "2005.11.24"]
[SourceVersion "1"]
[SourceVersionDate "2005.11.24"]
[SourceQuality "1"]

1. d4 Nf6 2. Nc3 d5 3. Nf3 c6 4. Bf4 Bf5 5. e3 e6 6. Bd3 Ne4 7. 0-0 Bd6 8. Be5 f6 9. Bxd6 Qxd6 10. Na4 Nd7 11. b3 b5 12. Nb2 Qa3 13. Rb1 Nc3 14. Qe1 Nxb1 15. Qxb1 Bxd3 16. Nxd3 Qd6 17. Nf4 0-0 18. h3 e5 19. Nd3 e4 20. Nde1 exf3 21. Nxf3 Rae8 22. Qc1 Re7 23. c4 b4 24. c5 Qc7 25. Nh4 g6 26. Qd1 f5 27. Qd3 f4 28. Nf3 fxe3 29. fxe3 Rfe8 30. Re1 Re4 31. Nd2 Rh4 32. Nf3 Rh5 33. g4 Qg3+ 34. Kf1 Qxf3+ 35. Kg1 Rxh3 36. Qe2 Rh1# 0-1